Three Novels by James M. Cain. (Record no. 684531)

MARC details
000 -LEADER
fixed length control field 00511nam a2200181Ia 4500
008 - FIXED-LENGTH DATA ELEMENTS--GENERAL INFORMATION
fixed length control field 100920s9999 xx 000 0 und d
082 ## - DEWEY DECIMAL CLASSIFICATION NUMBER
Item number 27975
Classification number 6 थ 73
100 ## - MAIN ENTRY--PERSONAL NAME
Personal name Indemnity Double.
245 ## - TITLE STATEMENT
Title Three Novels by James M. Cain.
260 ## - PUBLICATION, DISTRIBUTION, ETC. (IMPRINT)
Name of publisher, distributor, etc BANTAM BOOKS, NEW YORK.
Date of publication, distribution, etc 1973
300 ## - PHYSICAL DESCRIPTION
Extent 399
Other physical details साधी
365 ## - TRADE PRICE
Price amount 14.5
520 ## - SUMMARY, ETC.
Summary, etc ई.एल. एफ.
630 ## - SUBJECT ADDED ENTRY--UNIFORM TITLE
Uniform title Three Novels by James M. Cain.
650 ## - SUBJECT ADDED ENTRY--TOPICAL TERM
Topical term or geographic name as entry element ई.एल. एफ.
730 ## - ADDED ENTRY--UNIFORM TITLE
Uniform title Three Novels by James M. Cain.
942 ## - ADDED ENTRY ELEMENTS (KOHA)
Koha item type Book
Holdings
Withdrawn status Lost status Damaged status Not for loan Home library Current library Shelving location Date acquired Cost, normal purchase price Total Checkouts Barcode Date last seen Price effective from Koha item type Public note
        Shri Chhatrapati Pratapsinh Maharaj ( Thorle) Nagar Vachanalaya, Satara Shri Chhatrapati Pratapsinh Maharaj ( Thorle) Nagar Vachanalaya, Satara     14.50   SATVAC-27975 09/20/2010 09/20/2010 Book देवघेव